000 00710nam a2200181Ia 4500
008 100920s9999 xx 000 0 und d
082 _b99300
_a891.43 न 05
100 _aपुरोहित प्रमोद कुमार.
245 _aअंटार्कटिक आकर्षण क्यों.
260 _bइंद्रा पब्लिशिंग हाऊस,भोपाळ.
_c2005
300 _a175
_bसाधी
365 _b175
520 _aहिंदी.
630 _aअंटार्कटिक आकर्षण क्यों.
650 _aहिंदी.
730 _aअंटार्कटिक आकर्षण क्यों.
942 _cBOOK
999 _c739738
_d739735